Where the river parts / (Record no. 145764)

MARC details
000 -LEADER
fixed length control field 00684nam a22001937a 4500
005 - DATE AND TIME OF LATEST TRANSACTION
control field 20180618152920.0
010 ## - LCCN (DPL NO)
LC control number 1718EN-30 B-686582-589
020 ## - INTERNATIONAL STANDARD BOOK NUMBER
International Standard Book Number 9788129141965
Terms of availability 295.00
035 ## - SYSTEM CONTROL NUMBER
System control number B-686582-589
037 ## - SOURCE OF ACQUISITION
Source of stock number/acquisition Pancy
Stock number dpl
082 ## - DEWEY DECIMAL CLASSIFICATION NUMBER
Classification number N
100 ## - MAIN ENTRY--PERSONAL NAME
Personal name Swarup, Radhika
245 ## - TITLE STATEMENT
Title Where the river parts /
Statement of responsibility, etc by Robert Mayer
260 ## - PUBLICATION, DISTRIBUTION, ETC. (IMPRINT)
Place of publication, distribution, etc New Delhi
Name of publisher, distributor, etc Rupa Pub.
Date of publication, distribution, etc 2016
270 ## - ADDRESS
Address 7/16, Ansari Road, Daryaganj,
City New Delhi
Postal code 110002
300 ## - PHYSICAL DESCRIPTION
Extent 282p.
Dimensions 21cm(pbk)
942 ## - ADDED ENTRY ELEMENTS (KOHA)
Source of classification or shelving scheme Dewey Decimal Classification
Item type English Books
Call number suffix SWA
Classification part N
Holdings
Withdrawn status Lost status Not for loan Collection code Home library Current library Date acquired Source of acquisition Cost, normal purchase price Full call number Barcode Copy number Cost, replacement price Koha item type
      Fiction Ashok Vihar Ashok Vihar 18/06/2018 Pansy books-1700/5.12.17/669/20.11.17/6.1.18 295.00 N SWA B-686584 1 295.00 English Books
      Fiction Bawana Bawana 18/06/2018 Pansy books-1700/5.12.17/669/20.11.17/6.1.18 295.00 N SWA B-686589 1 295.00 English Books
      Fiction Central Library Central Library 18/06/2018 Pansy books-1700/5.12.17/669/20.11.17/6.1.18 295.00 N SWA B-686582 1 295.00 English Books
      Fiction Janak Puri Janak Puri 18/06/2018 Pansy books-1700/5.12.17/669/20.11.17/6.1.18 295.00 N SWA B-686587 1 295.00 English Books
      Fiction Kasturba Gandhi Marg Kasturba Gandhi Marg 18/06/2018 Pansy books-1700/5.12.17/669/20.11.17/6.1.18 295.00 N SWA B-686586 1 295.00 English Books
      Fiction Narela Narela 18/06/2018 Pansy books-1700/5.12.17/669/20.11.17/6.1.18 295.00 N SWA B-686588 1 295.00 English Books
      Fiction New Police Line New Police Line 18/06/2018 Pansy books-1700/5.12.17/669/20.11.17/6.1.18 295.00 N SWA B-686583 1 295.00 English Books
      Fiction Patel Nagar Patel Nagar 18/06/2018 Pansy books-1700/5.12.17/669/20.11.17/6.1.18 295.00 N SWA B-686585 1 295.00 English Books

© Delhi Public Library
Hit Counter
free hit counter